000 00465nam a2200181Ia 4500
003 IN-BaIIA
008 211028s9999 xx 000 0 eng d
020 _a0-88275-149-2
040 _cIIA Library
080 _a535
_bBRO
100 _aBrown, Earle B
_92044
245 0 _aModern optics
_cEarle B. Brown
260 _aNew York
_bReinhold Publishing
_c1965
300 _av, 645p.
650 _aAstronomy and Astrophysics Thesaurus
650 _aOptics
942 _cBK
999 _c4094
_d4094